[Event "GER-ch54 V02 email"]
[Site "GER email"]
[Date "2022.05.01"]
[Round "?"]
[White "Achilles, Edgar"]
[Black "Lukas, Norbert"]
[Result "1/2-1/2"]
[WhiteElo "2256"]
[BlackElo "2085"]
[PlyCount "46"]
[EventDate "2022.05.01"]
[EventType "tourn (corr)"]
[EventRounds "10"]
[EventCountry "GER"]
[SourceTitle "Corr 2024"]
[Source "ChessBase"]
[SourceDate "2023.10.19"]
[SourceVersion "1"]
[SourceVersionDate "2023.10.19"]
[SourceQuality "1"]

1. Nf3 d5 2. d4 e6 3. c4 Nf6 4. g3 dxc4 5. Bg2 Nc6 6. Qa4 Bb4+ 7. Bd2 Nd5 8. Bxb4 Ndxb4 9. 0-0 Rb8 10. Na3 0-0 11. Qb5 b6 12. Qxc4 Ba6 13. Nb5 Qd5 14. Qxd5 Nxd5 15. a4 Na5 16. Ne5 Rbd8 17. Nxa7 Nb4 18. Rac1 Rxd4 19. Rxc7 Bxe2 20. Rfc1 f6 21. Nec6 Naxc6 22. Nxc6 Nxc6 23. R7xc6 e5 1/2-1/2

[Event "GER-ch54 V02 email"]
[Site "GER email"]
[Date "2022.05.01"]
[Round "?"]
[White "Achilles, Edgar"]
[Black "Traut, Werner"]
[Result "1-0"]
[WhiteElo "2256"]
[BlackElo "2055"]
[PlyCount "83"]
[EventDate "2022.05.01"]
[EventType "tourn (corr)"]
[EventRounds "10"]
[EventCountry "GER"]
[SourceTitle "Corr 2024"]
[Source "ChessBase"]
[SourceDate "2023.10.19"]
[SourceVersion "1"]
[SourceVersionDate "2023.10.19"]
[SourceQuality "1"]

1. Nf3 Nf6 2. c4 g6 3. Nc3 Bg7 4. e4 d6 5. d4 0-0 6. Be2 e5 7. 0-0 Nc6 8. d5 Ne7 9. b4 Nh5 10. Re1 f5 11. a4 Nf6 12. a5 Nxe4 13. Nxe4 fxe4 14. Ng5 e3 15. Bxe3 Nf5 16. Bd2 Bh6 17. Qc1 Nd4 18. Bd1 Rb8 19. Ra3 b5 20. cxb5 Rxb5 21. Nf3 Bxd2 22. Qxd2 Nxf3+ 23. Bxf3 Bd7 24. h3 Rf4 25. Re4 Rxe4 26. Bxe4 Qh4 27. Qe1 Be8 28. Rg3 Bf7 29. Rg4 Qd8 30. h4 Kh8 31. Qd2 Qf8 32. Bf3 Bg8 33. Rc4 c5 34. dxc6 Bxc4 35. c7 Be6 36. Bc6 Qe7 37. Bxb5 Qxc7 38. Be2 Kg7 39. b5 Qc5 40. Qb2 Bc8 41. b6 axb6 42. axb6 1-0